00350nam a2200121Ia 4500008004100000041001200041082001600053100000900069245008200078260004700160300000900207650001200216221030s9999 xx 000 0 und d aEnglish a105.23bTri aTRIM 0aThomas Register of Indian Manufacturers Products & Services Vol. IIIcby TRIM bThomas International Pub.aNew Delhic2004 a1864 aGeneral